000 00575nam a22001697a 4500
005 20251108173640.0
008 250721s2007 xx 000 0 ara d
082 1 4 _a920/غما
100 1 _aالغماري، الحافظ أبي العباس أحمد بم محمد بن الصديق الحسني
_eمؤلف
245 1 0 _aالبحر العميق في مرويات ابن الصديق /
264 1 _aالقاهرة :
_bدار الكتبي،
_c2007.
300 _aج 1-2.
650 1 7 _aالتراجم
650 1 7 _aالمذكرات
942 _2ddc
_cBK
999 _c109024
_d109024